[Event "Idaho Closed"]
[Site "Twin Falls, ID"]
[Date "2009.02.15"]
[Round "4.1"]
[White "Anderson, Mark"]
[Black "Reynolds, Garrett"]
[Result "0-1"]
[WhiteElo "1620"]
[BlackElo "1866"]

1. Nf3 Nf6 2. d4 c5 3. dxc5 Qa5+ 4. Bd2 Qxc5 5. Nc3 d5 6. e3 Bg4 7. Be2 Nbd7
8. Nd4 Bxe2 9. Qxe2 a6 10. Nb3 Qc6 11. Nd4 Qc7 12. Rc1 e5 13. Nb3 Bd6 14. h3
O-O 15. e4 d4 16. Nb1 Qc6 17. f3 Nh5 18. Qf2 f5 19. g4 fxe4 20. gxh5 e3 21.
Qg2 Qxf3 22. Qxf3 Rxf3 23. Bxe3 Rxe3+ 24. Kd2 Nf6 25. Rce1 Rxe1 26. Rxe1 Nxh5
27. Kd1 Nf4 28. h4 Ng2 29. Rh1 Ne3+ 30. Kd2 Rf8 31. Kd3 Rf1 32. Rxf1 Nxf1 33.
c3 Be7 34. cxd4 exd4 35. Kxd4 Bxh4 36. Ke4 b6 37. Nc3 Bd8 38. Kf3 Nh2+ 39. Ke4
Ng4 40. Nd4 Bf6 41. b3 h5 42. Nce2 Kf7 43. Kf3 Ne5+ 44. Kg2 Nd3 45. Nf5 Ke6
46. Nfg3 h4 47. Ne4 Be7 48. Nd2 Kd5 49. Nc4 Kc5 50. Nc3 Bd8 51. Na4+ Kb4 52.
Naxb6 Bxb6 53. Nxb6 Ka3 54. Nc4+ Kxa2 55. Nd2 Nc5 56. Nf3 Kxb3 57. Nxh4 a5 58.
Nf3 a4 59. Nd4+ Kb2 60. Nb5 a3 61. Nxa3 Kxa3 62. Kf3 Ne6 63. Kg4 g5 64. Kf5
Kb4 {#R} 0-1

[Event "Idaho Closed"]
[Site "Twin Falls, ID"]
[Date "2009.02.16"]
[Round "5.1"]
[White "Reynolds, Garrett"]
[Black "Parsons, Larry R"]
[Result "1/2-1/2"]
[WhiteElo "1866"]
[BlackElo "2015"]

1. e4 c5 2. Nf3 Nc6 3. Bb5 a6 4. Bxc6 bxc6 5. O-O g6 6. d3 Bg7 7. c3 d5 8. Qa4
Bd7 9. e5 Qb8 10. Re1 e6 11. Nbd2 Qb5 12. Qxb5 cxb5 13. Nb3 Rc8 14. Be3 Bf8
15. Rac1 Nh6 16. Bg5 Ng8 17. Nbd2 Bh6 18. Bxh6 Nxh6 19. d4 c4 20. b4 O-O {#d}
1/2-1/2

[Event "Idaho Closed"]
[Site "Twin Falls, ID"]
[Date "2009.02.16"]
[Round "6.1"]
[White "Buckendorf Jr., Glen"]
[Black "Reynolds, Garrett"]
[Result "0-1"]
[WhiteElo "1800"]
[BlackElo "1866"]

1. e4 Nf6 2. e5 Nd5 3. c4 Nb6 4. d4 d6 5. f4 Bf5 6. Nc3 Nc6 7. Bd3 Bxd3 8.
Qxd3 dxe5 9. Nge2 exd4 10. Nb5 e6 11. O-O Bc5 12. a3 a6 13. b4 axb5 14. bxc5
bxc4 15. Qg3 Nd5 16. f5 e5 17. Qxg7 Qf6 18. Qg3 h6 19. a4 d3 20. Ra2 Ndb4 21.
Rd2 dxe2 22. Rxe2 Nd3 23. Bd2 O-O-O 24. h3 Rdg8 25. Qe3 Nd4 26. Ref2 h5 27.
Re2 Rg3 28. Qe4 Nxe2+ 29. Qxe2 Rhg8 30. Bc3 Qc6 31. Bxe5 Rxg2+ {#R} 0-1

[Event "ICU MVCC Ch (Champ)"]
[Site "Twin Falls, ID"]
[Date "2009.03.07"]
[Round "1.1"]
[White "Myers, Hugh S"]
[Black "Reynolds, Garrett"]
[Result "0-1"]
[WhiteElo "1675"]
[BlackElo "1950"]

1. e4 Nf6 2. d3 e5 3. f4 d6 4. c4 Nc6 5. Nf3 exf4 6. Bxf4 g6 7. Be2 Bg7 8. O-O
Nh5 9. Be3 O-O 10. Nc3 f5 11. exf5 Bxf5 12. Qd2 Re8 13. Bg5 Qd7 14. Nh4 Bg4
15. Bxg4 Qxg4 16. Kh1 h6 17. Bxh6 Qxh4 18. Bxg7 Kxg7 19. Ne4 Rxe4 20. dxe4
Ng3+ {#R} 0-1

[Event "ICU MVCC Ch (Champ)"]
[Site "Twin Falls, ID"]
[Date "2009.03.07"]
[Round "2.1"]
[White "Reynolds, Garrett"]
[Black "Rambo, Gene"]
[Result "1-0"]
[WhiteElo "1950"]
[BlackElo "1713"]

1. e4 c5 2. Nf3 d6 3. d4 cxd4 4. Nxd4 a6 5. Nc3 Nf6 6. Bg5 Qa5 7. Qd2 Nxe4 8.
Nxe4 Qxd2+ 9. Bxd2 e5 10. Nf3 d5 11. Nc3 d4 12. Nd5 Bd6 13. Nb6 Ra7 14. Nxc8
{#r} 1-0

[Event "ICU MVCC Ch (Champ)"]
[Site "Twin Falls, ID"]
[Date "2009.03.08"]
[Round "3.1"]
[White "Pocol, Daniel"]
[Black "Reynolds, Garrett"]
[Result "1/2-1/2"]
[WhiteElo "1623"]
[BlackElo "1950"]

1. d4 Nf6 2. Bf4 c5 3. c3 Qb6 4. Bc1 d5 5. Nf3 Nc6 6. e3 Bf5 7. Bd3 Bxd3 8.
Qxd3 e6 9. Nbd2 cxd4 10. exd4 Bd6 11. O-O O-O 12. Re1 Rac8 13. Nf1 h6 14. Rb1
Qa5 15. a3 Qc7 16. Qe2 Nd7 17. Bd2 Na5 18. Rbd1 Nc4 19. Bc1 b5 20. Ne3 Ndb6
21. g3 Nxe3 22. Bxe3 Nc4 23. Bc1 a5 24. Nd2 b4 25. Nxc4 Qxc4 26. Qxc4 Rxc4 27.
axb4 axb4 28. Bd2 bxc3 29. bxc3 Ra8 30. Ra1 Rca4 31. Rxa4 Rxa4 32. Rb1 Ra2 33.
Be1 Kh7 34. Kf1 Ba3 35. Rb7 Kg6 36. Ra7 Ra1 37. Ke2 Bb2 38. Rxa1 Bxa1 39. Kd3
Bb2 40. Bd2 Kf5 41. h3 g5 42. f4 gxf4 43. Bxf4 h5 44. Bd2 Ba3 45. Ke3 Bd6 {#d}
1/2-1/2

[Event "ICU MVCC Ch (Champ)"]
[Site "Twin Falls, ID"]
[Date "2009.03.08"]
[Round "4.1"]
[White "Reynolds, Garrett"]
[Black "Bartell, Fred"]
[Result "1-0"]
[WhiteElo "1950"]
[BlackElo "1837"]

1. e4 e6 2. d4 c6 3. Nf3 d5 4. e5 Nd7 5. Bd3 c5 6. c4 dxc4 7. Bxc4 cxd4 8.
Qxd4 Bc5 9. Qg4 g6 10. O-O Qb6 11. Nc3 h5 12. Qf4 Be7 13. Be3 Qd8 14. Ne4 Nh6
15. Nfg5 Bxg5 16. Nxg5 Qe7 17. Rfd1 Nf5 18. Ne4 Nxe3 19. Qxe3 Kf8 20. Nd6 Kg7
21. Rac1 Nb6 22. Qe4 Rb8 23. Bb3 h4 24. h3 Rf8 25. Rc3 Rh8 26. Rdc1 Rd8 27.
Rc7 Rd7 28. Nxc8 Rxc7 29. Nxe7 Rxc1+ 30. Kh2 Rc7 31. Qxh4 Nd7 32. Qg5 Rc5 33.
Nxg6 fxg6 34. Qe7+ Kh6 35. Qxd7 Rxe5 36. Qd6 {#r} 1-0

[Event "Idaho Open (Open)"]
[Site "Pocatello, ID"]
[Date "2009.04.04"]
[Round "1.3"]
[White "Reynolds, Garrett"]
[Black "Patterson, Emily N"]
[Result "1/2-1/2"]
[WhiteElo "1901"]
[BlackElo "1445"]

1. e4 e6 2. d3 d5 3. Nd2 c5 4. Ngf3 Nc6 5. g3 Bd6 6. Bg2 Nf6 7. O-O O-O 8. Re1
Qc7 9. c3 d4 10. Nc4 e5 11. Bg5 Qe7 12. Nfxe5 Bxe5 13. Nxe5 Qxe5 14. f4 Qe6
15. e5 Nd5 16. Be4 h6 17. Qh5 Qg4 18. Qxg4 Bxg4 19. Bxd5 hxg5 20. fxg5 Rad8
21. c4 Nb4 22. Re4 Bf3 23. g6 Nxd5 24. cxd5 Bxe4 25. gxf7+ Rxf7 26. dxe4 Re7
27. e6 Rf8 28. Rc1 d3 29. Kg2 c4 30. Rxc4 Rc7 31. Rxc7 d2 32. e7 Re8 33. d6
d1=Q 34. d7 Qd2+ 35. Kh3 Qh6+ 36. Kg2 Qd2+ 37. Kh3 Qh6+ 38. Kg2 {#d} 1/2-1/2

[Event "Idaho Open (Open)"]
[Site "Pocatello, ID"]
[Date "2009.04.04"]
[Round "2.3"]
[White "Ungureanu, Razvan"]
[Black "Reynolds, Garrett"]
[Result "1/2-1/2"]
[WhiteElo "1330"]
[BlackElo "1901"]

1. e4 Nf6 2. e5 Nd5 3. d4 d6 4. c4 Nb6 5. exd6 cxd6 6. Nc3 Nc6 7. Be3 Bf5 8.
Bd3 Bxd3 9. Qxd3 g6 10. Nf3 Bg7 11. O-O O-O 12. b3 e5 13. Rad1 d5 14. dxe5
dxc4 15. Qe4 Qb8 16. Bc5 Rd8 17. Bd6 Rxd6 18. Rxd6 Bxe5 19. Nxe5 Qxd6 20. Nxc4
Nxc4 21. Qxc4 Rd8 22. Ne4 Qd4 23. Qxd4 Rxd4 24. f3 f5 25. Nc5 Rd2 {#d} 1/2-1/2

[Event "Idaho Open (Open)"]
[Site "Pocatello, ID"]
[Date "2009.04.04"]
[Round "3.3"]
[White "Reynolds, Garrett"]
[Black "Sauer, Gary A"]
[Result "1-0"]
[WhiteElo "1901"]
[BlackElo "1610"]

1. e4 c5 2. Nf3 d6 3. Bb5+ Bd7 4. Qe2 Bxb5 5. Qxb5+ Qd7 6. Qe2 Nc6 7. O-O g6
8. c4 Bg7 9. Nc3 e6 10. d3 Nge7 11. Bf4 Nd4 12. Nxd4 Bxd4 13. Bh6 O-O-O 14.
Nb5 Ng8 15. Bg5 f6 16. Bd2 b6 17. Nxd4 cxd4 18. a4 Qb7 19. a5 Kd7 20. axb6
axb6 21. b4 Ra8 22. Bf4 e5 23. Qg4+ Ke7 24. Bd2 h5 25. Qxg6 Kd7 26. f3 Ke6 27.
f4 Ne7 28. f5+ Kd7 29. Qxf6 Qc6 30. Qe6+ Ke8 31. f6 {#r} 1-0

[Event "Idaho Open (Open)"]
[Site "Pocatello, ID"]
[Date "2009.04.05"]
[Round "4.2"]
[White "Morrow, Hans M"]
[Black "Reynolds, Garrett"]
[Result "0-1"]
[WhiteElo "1909"]
[BlackElo "1901"]

1. d4 Nf6 2. Nf3 c5 3. d5 d6 4. c4 e5 5. Nc3 Bf5 6. Bg5 h6 7. Bxf6 Qxf6 8. e4
Bg4 9. Be2 Nd7 10. h3 Bxf3 11. Bxf3 g6 12. Qa4 Qd8 13. Bg4 h5 14. Bxd7+ Qxd7
15. Nb5 Ke7 16. Qb3 Bh6 17. O-O Rhb8 18. Nc3 a6 19. a4 Bd2 20. Ne2 b5 21. axb5
axb5 22. Rxa8 Rxa8 23. cxb5 Ra5 24. Qd3 Bb4 25. f4 exf4 26. Rxf4 Rxb5 27. Qf3
Ke8 28. Nc3 Bxc3 29. Qxc3 Qe7 30. b3 Qe5 31. Qf3 Rxb3 32. Qxb3 Qxf4 33. Qd3
Ke7 34. g3 Qc1+ 35. Kf2 c4 36. Qe3 Qxe3+ 37. Kxe3 Kf6 38. Kd4 c3 39. Kxc3 Ke5
40. Kd3 f5 41. exf5 gxf5 42. Ke3 Kxd5 43. Kf4 Ke6 44. Kg5 Ke5 45. Kxh5 d5 46.
g4 d4 47. g5 d3 48. g6 d2 49. g7 d1=Q+ 50. Kg6 Qd6+ 51. Kh7 Qe7 52. Kg6 Qf6+
53. Kh7 Qh4+ 54. Kg6 Qxh3 55. Kf7 Qb3+ 56. Kf8 Kf6 {#R} 0-1

[Event "WRW Swiss"]
[Site "Hailey, ID"]
[Date "2009.10.10"]
[Round "1.2"]
[White "Bruck, Nick Jon"]
[Black "Reynolds, Garrett"]
[Result "0-1"]
[WhiteElo "1154"]
[BlackElo "1924"]

1. e4 Nf6 2. e5 Nd5 3. d4 d6 4. Nf3 Nc6 5. Bb5 a6 6. Bxc6+ bxc6 7. O-O g6 8.
Bd2 Rb8 9. Nc3 Rxb2 10. Nxd5 cxd5 11. Qc1 Rb8 12. Re1 Bg7 13. Bh6 O-O 14. Bxg7
Kxg7 15. Ng5 dxe5 16. Rxe5 f6 17. Ne6+ Bxe6 18. Rxe6 Rb6 19. Re3 Qd6 20. Rh3
g5 21. Rb1 Qf4 22. c3 Qxc1+ 23. Rxc1 Rfb8 24. g3 Rb1 25. Rxb1 Rxb1+ 26. Kg2
Ra1 27. g4 Rxa2 28. Kf1 a5 29. Ke1 a4 30. Kd1 Rxf2 31. Kc1 a3 32. Kb1 a2+ 33.
Ka1 e5 34. dxe5 fxe5 35. Re3 Kf6 36. h3 d4 37. cxd4 exd4 38. Re4 d3 39. Rd4 d2
40. Rd7 Rf1+ 41. Kxa2 d1=Q 42. Rxd1 Rxd1 43. Kb3 Rc1 44. Kb4 Ke5 45. Kb3 Kd4
46. Kb2 Rc3 47. Kb1 Kc4 48. Kb2 Rxh3 49. Ka2 Rh2+ 50. Kb1 Kc3 51. Ka1 Kb3 52.
Kb1 Rh1# 0-1

[Event "WRW Swiss"]
[Site "Hailey, ID"]
[Date "2009.10.11"]
[Round "3.1"]
[White "Roland, Jeffrey T"]
[Black "Reynolds, Garrett"]
[Result "1/2-1/2"]
[WhiteElo "1782"]
[BlackElo "1924"]

1. d4 Nf6 2. Nf3 e6 3. c4 Bb4+ 4. Bd2 a5 5. Nc3 d5 6. e3 O-O 7. Bd3 Nbd7 8.
Qc2 c6 9. O-O Qc7 10. cxd5 exd5 11. e4 Bxc3 12. bxc3 dxe4 13. Bxe4 Nxe4 14.
Qxe4 Nf6 15. Qf4 {#d} 1/2-1/2

[Event "SIO"]
[Site "Twin Falls, ID"]
[Date "2009.11.14"]
[Round "1.1"]
[White "Vereshchagin, Aleksandr"]
[Black "Reynolds, Garrett"]
[Result "0-1"]
[WhiteElo "1323"]
[BlackElo "1925"]

1. e4 Nf6 2. Nc3 d5 3. exd5 Nxd5 4. Qf3 c6 5. Bc4 Nf6 6. d3 Bg4 7. Qg3 e6 8.
Bg5 Nbd7 9. f3 Bf5 10. Nge2 Qb6 11. Bb3 Nd5 12. Bd2 Nc5 13. Nxd5 exd5 14. Bc3
O-O-O 15. Qf2 Bxd3 16. O-O Bxe2 17. Rfe1 Nxb3 18. Qxb6 axb6 19. axb3 Ba6 20.
b4 d4 21. Bd2 Bd6 22. Rad1 Rde8 23. g3 Be2 24. Ra1 Bxf3 25. Ra8+ Kd7 26. Raxe8
Rxe8 27. Rxe8 Kxe8 28. Kf2 Bd1 29. c3 c5 30. Bf4 Bxf4 31. gxf4 d3 32. Ke1 Be2
33. Kd2 f5 34. h4 h5 35. b5 g5 36. fxg5 f4 {#R} 0-1

[Event "SIO"]
[Site "Twin Falls, ID"]
[Date "2009.11.14"]
[Round "2.1"]
[White "Reynolds, Garrett"]
[Black "Kircher, Caleb Paul"]
[Result "1-0"]
[WhiteElo "1925"]
[BlackElo "1540"]

1. e4 d5 2. exd5 Nf6 3. d4 Nxd5 4. c4 Nf6 5. Nf3 Bg4 6. Be2 e6 7. Qb3 Qc8 8.
Nc3 Nbd7 9. Bf4 c6 10. O-O Be7 11. Rfe1 O-O 12. Ne5 Bxe2 13. Rxe2 Nxe5 14.
dxe5 Nd7 15. Qc2 Rd8 16. Ne4 Nf8 17. Nd6 Qc7 18. c5 b6 19. Rc1 b5 20. Qe4 Ng6
21. Bg3 Bf8 22. Qf3 a5 23. h4 Ra6 24. h5 Nh8 25. Bh4 Rxd6 26. cxd6 Qd7 27.
Rec2 {#r} 1-0

[Event "SIO"]
[Site "Twin Falls, ID"]
[Date "2009.11.15"]
[Round "4.1"]
[White "Reynolds, Garrett"]
[Black "Weathers, Rickey D"]
[Result "1-0"]
[WhiteElo "1925"]
[BlackElo "1385"]

1. e4 e5 2. Nf3 Nc6 3. d4 exd4 4. Bc4 h6 5. O-O Bc5 6. c3 dxc3 7. Bxf7+ Kxf7
8. Qd5+ Ke8 9. Qh5+ Kf8 10. Qxc5+ d6 11. Qxc3 Qe7 12. e5 Be6 13. b3 Rd8 14.
Ba3 Ke8 15. Nbd2 Qf7 16. exd6 cxd6 17. Ne4 Ke7 18. Nxd6 Rxd6 19. Rad1 Nf6 20.
Rxd6 Nd8 21. Qc7+ Nd7 22. Rxd7+ Kf6 23. Qc3+ Kf5 24. Rxf7+ Nxf7 25. Nd4+ Kf6
26. Nxe6+ Kxe6 27. Re1+ Kf5 28. Qd3+ Kg4 29. h3+ Kh5 30. g4+ Kg5 31. Qf5+ Kh4
32. Qh5# 1-0

[Event "Idaho Closed"]
[Site "Boise, ID"]
[Date "2010.02.13"]
[Round "1.2"]
[White "Lundy III, George W"]
[Black "Reynolds, Garrett"]
[Result "0-1"]
[WhiteElo "1458"]
[BlackElo "1933"]

1. e4 Nf6 2. e5 Nd5 3. c4 Nb6 4. d4 d6 5. f4 Bf5 6. Bd3 Bxd3 7. Qxd3 dxe5 8.
fxe5 Nc6 9. Nf3 e6 10. a3 Be7 11. b4 a6 12. Nc3 O-O 13. Be3 f6 14. O-O Nxe5
15. Nxe5 fxe5 16. d5 exd5 17. Bxb6 cxb6 18. Qxd5+ Qxd5 19. Nxd5 Bg5 20. Rxf8+
Rxf8 21. Rf1 Rxf1+ 22. Kxf1 Bc1 23. a4 Ba3 24. b5 Bc5 25. Ke2 Kf7 26. Kf3 a5
27. Ke4 Ke6 28. Nc7+ Kd7 29. Nd5 Kd6 30. g4 Bg1 31. h3 Kc5 32. g5 Kxc4 {#R}
0-1

[Event "Idaho Closed"]
[Site "Boise, ID"]
[Date "2010.02.13"]
[Round "2.2"]
[White "Reynolds, Garrett"]
[Black "Abderhalden, Katherine Louise"]
[Result "1/2-1/2"]
[WhiteElo "1933"]
[BlackElo "1562"]

1. e4 c5 2. Nf3 Nc6 3. d4 cxd4 4. Nxd4 a6 5. Bc4 e6 6. O-O Nf6 7. Nc3 Be7 8.
Bf4 d6 9. Nxc6 bxc6 10. Qe2 O-O 11. Rad1 d5 12. e5 Nd7 13. Bd3 f5 14. Qh5 Nc5
15. Ne2 Ne4 16. Nd4 Bd7 17. f3 Nc5 18. Be2 a5 19. g3 Qc7 20. Rfe1 Na4 21. Bc1
Bc5 22. Kh1 Rab8 23. Nb3 Bb6 24. Qh4 Nc5 25. Nxc5 Bxc5 26. f4 Bb6 27. Bf3 c5
28. Qh3 Rfc8 29. Qg2 d4 30. h3 a4 31. g4 Bc6 32. gxf5 exf5 33. Bd5+ Kh8 34.
Bxc6 Qxc6 35. Qxc6 {#d} 1/2-1/2

[Event "Idaho Closed"]
[Site "Boise, ID"]
[Date "2010.02.14"]
[Round "3.5"]
[White "Kircher, Caleb Paul"]
[Black "Reynolds, Garrett"]
[Result "1/2-1/2"]
[WhiteElo "1548"]
[BlackElo "1933"]

1. e4 c5 2. Nf3 Nc6 3. d4 cxd4 4. Nxd4 Nf6 5. Nc3 e5 6. Ndb5 d6 7. Bg5 a6 8.
Na3 b5 9. Bxf6 gxf6 10. Nd5 Be6 11. c3 Bg7 12. Qh5 f5 13. f3 O-O 14. Bd3 fxe4
15. fxe4 f5 16. O-O Ra7 17. Nc2 f4 18. a4 Raf7 19. axb5 axb5 20. Qe2 Ne7 21.
Nxe7+ Qxe7 22. Qf2 f3 23. g3 Bh3 24. Rfd1 Bh6 25. Bf1 Bxf1 26. Rxf1 Qb7 27.
Rfe1 Qd7 28. Nb4 Qh3 29. Nd5 Qg2+ 30. Qxg2 fxg2 31. Kxg2 Rf2+ 32. Kg1 Rxb2 33.
Ne7+ Kh8 34. Nf5 Bd2 35. Reb1 Bxc3 36. Rxb2 Bxb2 37. Rb1 Bd4+ 38. Nxd4 exd4
39. Rxb5 Re8 40. Rd5 {#d} 1/2-1/2

[Event "Idaho Closed"]
[Site "Boise, ID"]
[Date "2010.02.14"]
[Round "4.4"]
[White "Reynolds, Garrett"]
[Black "Weathers, Rickey D"]
[Result "1-0"]
[WhiteElo "1933"]
[BlackElo "1500"]

1. e4 e5 2. Nf3 Nc6 3. Bc4 h6 4. O-O Nf6 5. d4 exd4 6. e5 d5 7. Bb5 Nd7 8. e6
fxe6 9. Bxc6 bxc6 10. Nxd4 Nb8 11. Qh5+ Kd7 12. Nxe6 Qf6 13. Re1 Bd6 14. Qh3
Be5 15. Bf4 Bxf4 16. Nxf4+ Kd8 17. Qe3 Rf8 18. Ng6 Rg8 19. Nd2 Bd7 20. Ne5 Re8
21. Ndf3 Na6 22. Qa3 Bc8 23. Rad1 Re6 24. Nd4 Re8 25. Ndxc6+ Qxc6 26. Nxc6+
Kd7 27. Rxe8 Kxc6 28. Rxc8 Rxc8 29. Qxa6+ Kd7 30. Rxd5+ Ke7 31. Qe2+ Kf7 32.
Qf3+ Kg8 33. Rd7 Rf8 34. Qg4 g5 35. Qe6+ Kh8 36. Qxh6+ Kg8 37. Qh7# 1-0

[Event "Idaho Closed"]
[Site "Boise, ID"]
[Date "2010.02.15"]
[Round "5.2"]
[White "Booth, Tom R"]
[Black "Reynolds, Garrett"]
[Result "0-1"]
[WhiteElo "1594"]
[BlackElo "1933"]

1. d4 c5 2. e3 cxd4 3. exd4 d5 4. Nf3 Bg4 5. h3 Bh5 6. Bb5+ Nc6 7. c3 Qc7 8.
g4 Bg6 9. Ne5 O-O-O 10. Bxc6 bxc6 11. Nxg6 hxg6 12. Be3 f5 13. Bg5 Nf6 14.
Bxf6 gxf6 15. Nd2 e5 16. Qe2 exd4 17. cxd4 Qb6 18. Rc1 Bd6 19. Qe6+ Kb8 20.
O-O Rxh3 21. Nb3 Qc7 22. f4 Bxf4 23. Rc2 Be3+ 24. Qxe3 Rxe3 25. Rfc1 Qg3+ 26.
Rg2 Re1+ {#R} 0-1

[Event "Idaho Closed"]
[Site "Boise, ID"]
[Date "2010.02.15"]
[Round "6.1"]
[White "Reynolds, Garrett"]
[Black "Parsons, Larry R"]
[Result "1/2-1/2"]
[WhiteElo "1933"]
[BlackElo "2000"]

1. e4 g6 2. d4 d6 3. Nc3 Nf6 4. Be3 Bg7 5. Qd2 c6 6. Bd3 Ng4 7. Nf3 Nxe3 8.
Qxe3 Nd7 9. O-O-O e5 10. dxe5 dxe5 11. Bc4 Qe7 12. Nd2 h5 13. g3 Qc5 14. Qxc5
Nxc5 15. Nb3 Nxb3+ 16. axb3 Bg4 17. Be2 Bxe2 18. Nxe2 {#d} 1/2-1/2

[Event "Sumr Classic (Open)"]
[Site "Boise, ID"]
[Date "2010.06.26"]
[Round "1.1"]
[White "Patterson, Emily N"]
[Black "Reynolds, Garrett"]
[Result "0-1"]
[WhiteElo "1488"]
[BlackElo "1926"]

1. c4 Nf6 2. d4 c5 3. d5 d6 4. Nc3 Bf5 5. Bg5 Nbd7 6. Qa4 Qb6 7. O-O-O Ng4 8.
Nh3 h6 9. Bd2 Nge5 10. g3 Qb4 11. Qxb4 cxb4 12. Nb5 Rc8 13. b3 a6 14. Nd4 Nxc4
15. Bc3 Bxh3 16. Bxh3 Ncb6 17. Nf5 Rxc3+ 18. Kb2 g6 19. Ne3 Bg7 20. Kb1 O-O
21. Rc1 Rfc8 22. Bxd7 Nxd7 23. Nc4 Rxc1+ 24. Rxc1 b5 25. Na5 Rxc1+ 26. Kxc1
Kf8 27. Nc6 Bc3 28. e4 Nc5 29. f3 Ke8 30. Kc2 Kd7 31. h3 f5 32. exf5 gxf5 33.
g4 fxg4 34. hxg4 e6 35. dxe6+ Kxc6 {#R} 0-1

[Event "Sumr Classic (Open)"]
[Site "Boise, ID"]
[Date "2010.06.26"]
[Round "3.2"]
[White "Reynolds, Garrett"]
[Black "McGarvey, James H"]
[Result "1-0"]
[WhiteElo "1926"]
[BlackElo "1673"]

1. e4 c5 2. Nf3 Nc6 3. d4 cxd4 4. Nxd4 Nf6 5. Nc3 d6 6. Bg5 e6 7. Be2 Be7 8.
Qd2 a6 9. O-O O-O 10. Kh1 Qc7 11. Be3 Bd7 12. f4 Nxd4 13. Bxd4 Bc6 14. Bf3
Rac8 15. g4 b5 16. a3 Qb7 17. Rae1 d5 18. e5 Ne4 19. Qe3 Nxc3 20. bxc3 Bxa3
21. f5 exf5 22. gxf5 Rce8 23. f6 gxf6 24. Qh6 {#r} 1-0

[Event "Sumr Classic (Open)"]
[Site "Boise, ID"]
[Date "2010.06.27"]
[Round "4.1"]
[White "Reynolds, Garrett"]
[Black "Ungureanu, Razvan"]
[Result "1-0"]
[WhiteElo "1926"]
[BlackElo "1700"]

1. e4 c5 2. Nf3 Nc6 3. d4 cxd4 4. Nxd4 g6 5. Nc3 Bg7 6. Be3 Nf6 7. Bc4 O-O 8.
f3 Qb6 9. Qd3 Ne5 10. Qe2 Qxb2 11. Kd2 Nxc4+ 12. Qxc4 Qa3 13. Rab1 a6 14. e5
Ne8 15. Nb3 d6 16. f4 Be6 17. Qe4 Bxb3 18. Rxb3 Qa5 19. Bb6 d5 20. Qf3 d4 21.
Bxa5 dxc3+ 22. Rxc3 Rb8 23. Rb1 b5 24. Qc6 f6 25. Qxa6 fxe5 26. Rc8 Rxc8 27.
Qxc8 Nd6 28. Qe6+ Kh8 29. Bc7 Ne4+ 30. Ke1 Nc3 31. Bxe5 Nxb1 32. Qxe7 Rg8 33.
Bxg7+ Rxg7 34. Qf8+ Rg8 35. Qf6+ Rg7 36. Qb2 Kg8 37. Qxb1 Rb7 38. Qd1 Kg7 39.
Qd5 Re7+ 40. Kf2 Rf7 41. g3 Rf5 42. Qd7+ Kf6 43. Ke3 h5 44. Kd4 h4 45. Qd8+
Kf7 46. Qxh4 Rh5 47. Qxh5 gxh5 48. Kc5 {#r} 1-0

[Event "Sumr Classic (Open)"]
[Site "Boise, ID"]
[Date "2010.06.27"]
[Round "5.1"]
[White "Stewart, David Wayne"]
[Black "Reynolds, Garrett"]
[Result "1/2-1/2"]
[WhiteElo "1524"]
[BlackElo "1926"]

1. e4 c5 2. Nf3 Nc6 3. Bb5 d6 4. c3 a6 5. Bxc6+ bxc6 6. d4 cxd4 7. cxd4 Bg4 8.
O-O Qb6 9. d5 Nf6 10. Nc3 g6 11. Rb1 Bg7 12. dxc6 Qxc6 13. Re1 O-O 14. Nd5
Nxd5 15. Qxd5 Qxd5 16. exd5 Bxf3 17. gxf3 Ra7 18. b4 Rb7 19. Bg5 Re8 20. Re4
h6 21. Bf4 Rd8 22. a4 Rc8 23. b5 axb5 24. Rxb5 Rxb5 25. axb5 Rb8 26. Rb4 g5
27. Be3 e6 28. dxe6 fxe6 29. b6 d5 30. Bc5 Bf8 31. Bxf8 Kxf8 32. b7 Ke7 33.
Rb6 h5 34. Kf1 h4 35. Ke2 Kd7 36. Kd3 e5 37. Rg6 Rxb7 38. h3 Rb3+ 39. Ke2 e4
40. fxe4 dxe4 41. Rxg5 Rxh3 42. Re5 Ra3 43. Rxe4 h3 {#d} 1/2-1/2